000 00260pam a2200121 a 4500
020 _c
041 _aeng
100 _aReves Emery.
245 _aAntany Of Peace
_hTextual Documents
260 _aNew York
_bPenguin Books Ltd
300 _a253p.
930 _a15230
999 _c92130
_d92130